000 00661nam a2200241Ia 4500
003 OSt
005 20240821101046.0
006 a|||||r|||| 00| 0
007 ta
008 220927b |||||||| |||| 00| 0 eng d
024 _a46106
037 _cTextual
040 _aSDCL
_cSDCL
_beng
041 _2eng
_aeng
082 _aO-91N48,6N25x, P6
100 _aFanon Frantz
_9398235
245 0 _aFanon reader.
260 _aLondon
_bPluto Press
_c2006
300 _avii,202p.
_ccm.
700 _a Haddour Azzedine Ed.
_9433878
942 _hO-91N48,6N25x, P6
_cTEXL
_2CC
999 _c750285
_d750285